[Event "Goin for the win"]
[Site "SchemingMind.com"]
[Date "2008.09.03"]
[Round "-"]
[White "sthorwall"]
[Black "jake"]
[Result "1-0"]
[WhiteCountry "USA"]
[BlackCountry "USA"]
[WhiteElo "1704"]
[WhiteRD "58"]
[BlackElo "1028"]
[BlackRD "77"]
[GameID "169539"]

1. a3 e5 2. d4 Qf6 3. Be3 Qd6 4. Nc3 Nf6 5. Nf3 Ng4 6. h3 exd4 7. hxg4 dxe3 8. fxe3 Be7 9. Qxd6 Bxd6 10. O-O-O Nc6
11. Rd5 Bg3 12. Ne4 d6 13. Nxg3 Bxg4 14. Rg5 Be6 15. Nd4 Nxd4 16. exd4 O-O 17. Nf5 Rfe8 18. Rxg7+ Kf8 19. Rgxh7 Bxf5 20. Rh8+ Ke7
21. Rxe8+ Rxe8 22. Kd2 Rg8 23. Rh2 Rg4 24. e3 c5 25. Be2 Rg5 26. dxc5 dxc5 27. Rh5 f6 28. Rxg5 fxg5 29. Bd3 Ke6 30. Kc3 Bxd3
31. Kxd3 b5 32. c4 bxc4+ 33. Kxc4 Kd6 34. b4 cxb4 35. axb4 a5 36. bxa5
1-0

[Event "Goin for the win"]
[Site "SchemingMind.com"]
[Date "2008.09.03"]
[Round "-"]
[White "jake"]
[Black "sthorwall"]
[Result "0-1"]
[WhiteCountry "USA"]
[BlackCountry "USA"]
[WhiteElo "997"]
[WhiteRD "72"]
[BlackElo "1700"]
[BlackRD "75"]
[GameID "169541"]

1. e3 b6 2. Nf3 Bb7 3. Bc4 e6 4. c3 Nf6 5. Ne5 Bxg2 6. Rg1 Bd5 7. Bxd5 exd5 8. Qb3 Bd6 9. d4 O-O 10. Ng4 Bxh2
11. Rh1 Nxg4 12. Qxd5 c6 13. Qe4 f5 14. Qf3 d5 15. Nd2 c5 16. dxc5 bxc5 17. Nb3 Na6 18. Nxc5 Nxc5 19. b3 Nd3+ 20. Kd2 Nxc1
21. Kxc1 a5 22. a4 Qh4 23. Qxd5+ Kh8 24. Kc2 Qxf2+ 25. Kd3 Rad8 26. Rhf1 Rxd5+ 27. Kc4 Nxe3#
0-1

[Event "Goin for the win"]
[Site "SchemingMind.com"]
[Date "2008.09.03"]
[Round "-"]
[White "emvarela"]
[Black "sthorwall"]
[Result "1-0"]
[WhiteCountry "ARG"]
[BlackCountry "USA"]
[WhiteElo "1839"]
[WhiteRD "270"]
[BlackElo "1700"]
[BlackRD "75"]
[GameID "169574"]

1. e4 c5 2. Nf3 d6 3. d4 Nf6 4. dxc5 Nxe4 5. Bb5+ Bd7 6. Bxd7+ Nxd7 7. cxd6 exd6 8. O-O Be7 9. Bf4 Qa5 10. Re1 d5
11. Nbd2 O-O-O 12. Nxe4 dxe4 13. Rxe4 Nc5 14. Rd4 Rxd4 15. Qxd4 Bf6 16. Qc4 Bxb2 17. Rd1 Qc3 18. Qxf7 Qf6 19. Qc7#
1-0

[Event "Goin for the win"]
[Site "SchemingMind.com"]
[Date "2008.09.03"]
[Round "-"]
[White "jake"]
[Black "emvarela"]
[Result "0-1"]
[WhiteCountry "USA"]
[BlackCountry "ARG"]
[WhiteElo "1028"]
[WhiteRD "77"]
[BlackElo "1942"]
[BlackRD "206"]
[GameID "169575"]

1. e3 d5 2. Bb5+ Bd7 3. Nc3 Bxb5 4. Nxb5 c6 5. Nd4 e5 6. Nf5 g6 7. Qg4 gxf5 8. Qxf5 Nd7 9. Nf3 Qf6 10. Qd3 e4
11. Qc3 Qxc3 12. dxc3 exf3 13. gxf3 O-O-O 14. e4 Ne5 15. Be3 Nxf3+ 16. Kf1 dxe4 17. Bxa7 f5 18. a4 Bd6 19. Rd1 Nxh2+ 20. Ke2 Nf3
21. Rh5 Ne7 22. b4 Nd5 23. Rxf5 Nxc3+ 24. Ke3 Nxd1+ 25. Kxe4 Nd2+ 26. Kd3 Bc5+ 27. Ke2 Nc3+ 28. Ke1 Rhe8+ 29. Re5 Rxe5#
0-1

[Event "Goin for the win"]
[Site "SchemingMind.com"]
[Date "2008.09.03"]
[Round "-"]
[White "sthorwall"]
[Black "emvarela"]
[Result "0-1"]
[WhiteCountry "USA"]
[BlackCountry "ARG"]
[WhiteElo "1704"]
[WhiteRD "58"]
[BlackElo "1942"]
[BlackRD "206"]
[GameID "169577"]

1. f4 d5 2. d3 c5 3. e4 dxe4 4. dxe4 Qxd1+ 5. Kxd1 Nc6 6. Nf3 Nf6 7. Nc3 Bg4 8. Be3 Bxf3+ 9. gxf3 O-O-O+ 10. Kc1 e6
11. Bc4 Be7 12. a4 a6 13. a5 Nd4 14. Rf1 Nd7 15. Ne2 Nxe2+ 16. Bxe2 Nb8 17. Bc4 Kc7 18. Rg1 g6 19. f5 gxf5 20. exf5 exf5
21. Bxf7 Bd6 22. Rg7 Rd7 23. Ra4 Rf8 24. Bf4 Bxf4+ 25. Rxf4 Rdxf7 26. Rxf5 Rxg7 27. Rxf8 Nd7 28. Rh8 Rg1+
0-1

[Event "Goin for the win"]
[Site "SchemingMind.com"]
[Date "2008.09.03"]
[Round "-"]
[White "marble"]
[Black "jake"]
[Result "1-0"]
[WhiteCountry "ENG"]
[BlackCountry "USA"]
[WhiteElo "1705"]
[WhiteRD "57"]
[BlackElo "997"]
[BlackRD "72"]
[GameID "169698"]

1. e4 Nf6 2. e5 Ne4 3. d3 Nxf2 4. Kxf2 e6 5. d4 Qh4+ 6. g3 Qe7 7. Nf3 d6 8. Bd3 Nc6 9. Bg5 f6 10. exf6 gxf6
11. Bh4 e5 12. dxe5 dxe5 13. Re1 Bg4 14. Qd2 Nd4 15. Nxd4 O-O-O 16. Bf5+ Kb8 17. Bxg4 Qc5 18. Kf1 Qc4+ 19. Be2 Qxd4 20. Bd3 Bb4
21. c3 Bxc3 22. Nxc3 Rhg8 23. Rac1 Rg4 24. Nb5 Qd5 25. Rc3 c6 26. Na3 Qf3+ 27. Kg1 Rdd4 28. Rf1 Qd5 29. Nc2 Qxa2 30. Nxd4 Rxd4
31. Bxf6 Qd5 32. Re1 Rg4 33. Bxe5+ Kc8 34. Bf5+ Qd7 35. Qxd7#
1-0

[Event "Goin for the win"]
[Site "SchemingMind.com"]
[Date "2008.09.03"]
[Round "-"]
[White "marble"]
[Black "sthorwall"]
[Result "0-1"]
[WhiteCountry "ENG"]
[BlackCountry "USA"]
[WhiteElo "1705"]
[WhiteRD "57"]
[BlackElo "1700"]
[BlackRD "75"]
[GameID "169700"]

1. e4 e5 2. Nf3 Nc6 3. Bb5 Nf6 4. O-O Nxe4 5. Re1 Nd6 6. Bxc6 dxc6 7. Nxe5 Be7 8. Qf3 O-O 9. d3 Nf5 10. Qe4 Nd4
11. Re3 f5 12. Qf4 Bg5 13. Qg3 f4
0-1

[Event "Goin for the win"]
[Site "SchemingMind.com"]
[Date "2008.09.04"]
[Round "-"]
[White "marble"]
[Black "emvarela"]
[Result "0-1"]
[WhiteCountry "ENG"]
[BlackCountry "ARG"]
[WhiteElo "1779"]
[WhiteRD "57"]
[BlackElo "2026"]
[BlackRD "168"]
[GameID "169701"]

1. e4 e5 2. Nf3 Nc6 3. Bb5 a6 4. Ba4 Nf6 5. O-O Be7 6. Re1 b5 7. Bb3 O-O 8. c3 Bb7 9. d4 exd4 10. cxd4 d5
11. exd5 Na5 12. Nc3 b4 13. Ne4 Nxe4 14. Rxe4 Nxb3 15. Qxb3 Bxd5 16. Qe3 Bxe4 17. Qxe4 Qd7 18. Bg5 Bxg5 19. Nxg5 f5 20. Qh4 h6
21. Nf3 Rad8 22. Rd1 c5 23. d5 Qa4 24. Ra1 Rxd5 25. Qc4 Rd8 26. b3 Qb5 27. Qc2 Qd3 28. Qxd3 Rxd3 29. Rf1 Rd1 30. Ne1 R8d2
31. h3 Rxa2 32. Nf3 Rxf1+ 33. Kxf1 Rb2 34. Ne5 Rxb3 35. Nc4 Rc3 36. Nb2 Rc1+ 37. Ke2 Rc2+
0-1

[Event "Goin for the win"]
[Site "SchemingMind.com"]
[Date "2008.09.04"]
[Round "-"]
[White "jake"]
[Black "marble"]
[Result "0-1"]
[WhiteCountry "USA"]
[BlackCountry "ENG"]
[WhiteElo "997"]
[WhiteRD "72"]
[BlackElo "1705"]
[BlackRD "57"]
[GameID "169702"]

1. c3 e5 2. d4 Nc6 3. Nf3 e4 4. Ne5 d5 5. Nxc6 bxc6 6. Bf4 Nf6 7. f3 Rb8 8. fxe4 Nxe4 9. Qd3 Bd6 10. Nd2 O-O
11. Nxe4 Bxf4 12. e3 dxe4 13. Qxe4 Bxe3 14. Qxe3 Re8 15. Ke2 Rxe3+ 16. Kxe3 Rxb2 17. Rd1 Qe7+ 18. Kd3 Bf5+ 19. Kc4 Qe6+ 20. Kc5 Qd5#
0-1

[Event "Goin for the win"]
[Site "SchemingMind.com"]
[Date "2008.09.04"]
[Round "-"]
[White "sthorwall"]
[Black "marble"]
[Result "0-1"]
[WhiteCountry "USA"]
[BlackCountry "ENG"]
[WhiteElo "1700"]
[WhiteRD "75"]
[BlackElo "1705"]
[BlackRD "57"]
[GameID "169704"]

1. f4 d5 2. e3 g6 3. Nc3 Bg7 4. d4 Nf6 5. Bd3 O-O 6. Nf3 c5 7. dxc5 Bg4 8. Be2 Nc6 9. Ne5 Bxe2 10. Qxe2 Ne4
11. O-O Nxe5 12. fxe5 Bxe5 13. Nxe4 dxe4 14. Qd2 Qxd2 15. Bxd2 Bxb2 16. Rab1 Bf6 17. Rxb7 Rfd8 18. Rd1 Rac8 19. Rb5 a6 20. Ra5 Rxd2
21. Rxd2 Bc3 22. Rxa6 Bxd2 23. c6 Bxe3+
0-1

[Event "Goin for the win"]
[Site "SchemingMind.com"]
[Date "2008.09.05"]
[Round "-"]
[White "emvarela"]
[Black "marble"]
[Result "1-0"]
[WhiteCountry "ARG"]
[BlackCountry "ENG"]
[WhiteElo "2026"]
[WhiteRD "168"]
[BlackElo "1779"]
[BlackRD "57"]
[GameID "169705"]

1. e4 c5 2. Nf3 g6 3. d4 cxd4 4. Nxd4 Bg7 5. c3 Nc6 6. Nxc6 bxc6 7. Be3 Nf6 8. Bd3 e5 9. O-O O-O 10. Nd2 d5
11. exd5 cxd5 12. f3 Re8 13. Qc2 d4 14. cxd4 exd4 15. Bg5 Qd5 16. Bxf6 Bxf6 17. Be4 Rxe4 18. Nxe4 d3 19. Nxf6+ Kg7 20. Nxd5 dxc2
21. Ne3 Bf5 22. Nxf5+ gxf5 23. Rac1 Rc8 24. Rf2 Rd8 25. Rfxc2 Kg6 26. Kf2 Rd7 27. Kg3 Kg5 28. h4+ Kf6 29. Rc6+ Ke5 30. f4+ Kd5
31. R6c5+ Ke6 32. Re5+ Kf6 33. Rc6+ Kg7 34. Rxf5 Rd3+ 35. Kg4 a5 36. Rc7 Kg6 37. Rcxf7 h5+ 38. Rxh5 Kxf7 39. Rxa5 Rd2 40. g3 Rxb2
41. a4 Rb6 42. h5 Kf6 43. Rg5 Kf7 44. a5 Ra6 45. Re5 Kg7 46. f5 Rc6 47. Kg5
1-0

[Event "Goin for the win"]
[Site "SchemingMind.com"]
[Date "2008.09.04"]
[Round "-"]
[White "s-man"]
[Black "marble"]
[Result "1-0"]
[WhiteCountry "CAN"]
[BlackCountry "ENG"]
[WhiteElo "1204"]
[WhiteRD "95"]
[BlackElo "1761"]
[BlackRD "56"]
[GameID "169780"]

1. d4 Nf6 2. Nc3 d5 3. e3 e6 4. Bd3 a6 5. Nf3 Nc6 6. O-O Bd6 7. e4 dxe4 8. Nxe4 O-O 9. Nxd6 cxd6 10. Bg5 h6
11. Bd2 e5 12. d5 Nxd5 13. c4 Nb6 14. b3 Re8 15. b4 e4 16. Re1 exf3 17. Re3 Nd4 18. Qe1 Rxe3 19. Bxe3 Nc6 20. gxf3 Nxb4
21. Qxb4 Nd7 22. Qxd6 Qa5 23. Bd4 Qg5+ 24. Kf1 Nf6 25. Qd8+
1-0

[Event "Goin for the win"]
[Site "SchemingMind.com"]
[Date "2008.09.04"]
[Round "-"]
[White "s-man"]
[Black "jake"]
[Result "1-0"]
[WhiteCountry "CAN"]
[BlackCountry "USA"]
[WhiteElo "1191"]
[WhiteRD "84"]
[BlackElo "1021"]
[BlackRD "79"]
[GameID "169781"]

1. Nf3 e6 2. e3 d5 3. Bb5+ Bd7 4. Nc3 Nf6 5. Nd4 c6 6. Ba4 Bc5 7. O-O Ng4 8. Qxg4 f5 9. Qxg7 Rf8 10. Qxh7 Bxd4
11. exd4 Qg5 12. d3 Qg4 13. Bh6 Rf7 14. Qh8+ Ke7 15. Qe5 Rh7 16. Bf4 Na6 17. g3 Rg8 18. Rfe1 Nb4 19. Qc7 Nxc2 20. Bxc2 Rc8
21. Qxb7 Qf3 22. Qxa7 Rg8 23. Re3 Qg4 24. Na4 Qh3 25. Nb6 Qxh2+ 26. Kf1 Qh1+ 27. Ke2 Qxa1 28. Qxd7+ Kf8 29. Qxh7 Qxa2 30. Bh6+ Ke8
31. Qxg8+ Ke7 32. Qf8#
1-0

[Event "Goin for the win"]
[Site "SchemingMind.com"]
[Date "2008.09.04"]
[Round "-"]
[White "s-man"]
[Black "sthorwall"]
[Result "0-1"]
[WhiteCountry "CAN"]
[BlackCountry "USA"]
[WhiteElo "1204"]
[WhiteRD "95"]
[BlackElo "1704"]
[BlackRD "58"]
[GameID "169783"]

1. e4 e5 2. Nf3 Nc6 3. Nc3 Nf6 4. d3 Bb4 5. d4 Bxc3+ 6. bxc3 exd4 7. Nxd4 O-O 8. Nxc6 dxc6 9. f3 Qxd1+ 10. Kxd1 Be6
11. Ba3 Rad8+ 12. Bd3 Bc4 13. Rb1 Bxd3 14. Bxf8 Kxf8 15. cxd3 Rxd3+ 16. Kc2 Rd7 17. Rbd1 b5 18. Ra1 g5 19. g4 h5 20. Rhg1 hxg4
21. Rgf1 gxf3 22. Rxf3 Nxe4 23. a4 Rd2+ 24. Kb3 Rxh2 25. Raf1 Nd2+ 26. Kb4 Nxf1 27. Rxf1 bxa4 28. Kxa4 Rh4+ 29. Ka5 Rc4 30. Rc1 g4
31. Rg1 f5 32. Rf1 f4
0-1

[Event "Goin for the win"]
[Site "SchemingMind.com"]
[Date "2008.09.04"]
[Round "-"]
[White "s-man"]
[Black "emvarela"]
[Result "0-1"]
[WhiteCountry "CAN"]
[BlackCountry "ARG"]
[WhiteElo "1191"]
[WhiteRD "84"]
[BlackElo "2026"]
[BlackRD "168"]
[GameID "169784"]

1. d4 Nf6 2. Nf3 d5 3. e3 Bg4 4. h3 Bh5 5. Bb5+ c6 6. Bd3 Nbd7 7. Nc3 e5 8. dxe5 Nxe5 9. g4 Bg6 10. Nxe5 Bxd3
11. cxd3 Bd6 12. d4 O-O 13. g5 Bxe5 14. dxe5 Nd7 15. Qb3 Nxe5 16. f4 Nd3+ 17. Kd2 Nc5 18. Qc2 d4 19. Na4 dxe3+ 20. Kxe3 Re8+
21. Kf2 Qd4+ 22. Kf3 Qd5+ 23. Kg3 Qxh1 24. Nxc5 Qe1+ 25. Qf2 Qxf2+ 26. Kxf2 b6 27. Na6 Re7 28. b3 Rae8 29. Ba3 Re2+ 30. Kg3 R8e3+
31. Kg4 g6 32. Nb4 Rg2+ 33. Kh4 Rh2 34. Nxc6 Rhxh3+ 35. Kg4 Reg3#
0-1

[Event "Goin for the win"]
[Site "SchemingMind.com"]
[Date "2008.09.04"]
[Round "-"]
[White "marble"]
[Black "s-man"]
[Result "1-0"]
[WhiteCountry "ENG"]
[BlackCountry "CAN"]
[WhiteElo "1761"]
[WhiteRD "56"]
[BlackElo "1204"]
[BlackRD "95"]
[GameID "169785"]

1. e4 d5 2. exd5 Qxd5 3. Nc3 Qe6+ 4. Be2 Nf6 5. Nf3 b6 6. d4 Ba6 7. O-O Bxe2 8. Nxe2 Qd6 9. Ng3 c5 10. Be3 Nd5
11. Ne4 Nxe3 12. Nxd6+ exd6 13. fxe3 Nd7 14. Ng5 Be7 15. Nxf7 Rf8 16. Qh5 Nf6 17. Rxf6 Bxf6 18. Ne5+ Ke7 19. Ng4 cxd4 20. Re1 g6
21. exd4+ Kd7 22. Qb5+
1-0

[Event "Goin for the win"]
[Site "SchemingMind.com"]
[Date "2008.09.04"]
[Round "-"]
[White "jake"]
[Black "s-man"]
[Result "0-1"]
[WhiteCountry "USA"]
[BlackCountry "CAN"]
[WhiteElo "1021"]
[WhiteRD "79"]
[BlackElo "1191"]
[BlackRD "84"]
[GameID "169786"]

1. g3 d5 2. Bg2 Nc6 3. d3 Nf6 4. c4 dxc4 5. dxc4 Qxd1+ 6. Kxd1 Bf5 7. Nc3 e5 8. Be3 O-O-O+ 9. Kc1 Ng4 10. h3 Nxe3
11. Bf3 Nxc4 12. e4 Be6 13. Nb5 f5 14. exf5 Bxf5 15. g4 Bd3 16. Kd1 Nxb2+ 17. Kd2 e4 18. Nxa7+ Nxa7 19. Rc1 exf3 20. Nxf3 g6
21. Ne5 Be4+ 22. Ke3 Bxh1 23. Rxh1 Bc5+ 24. Ke2 Rde8 25. Kf3 Rxe5 26. Rd1 Rf8+ 27. Kg2 Nxd1
0-1

[Event "Goin for the win"]
[Site "SchemingMind.com"]
[Date "2008.09.04"]
[Round "-"]
[White "sthorwall"]
[Black "s-man"]
[Result "1-0"]
[WhiteCountry "USA"]
[BlackCountry "CAN"]
[WhiteElo "1739"]
[WhiteRD "60"]
[BlackElo "1191"]
[BlackRD "84"]
[GameID "169788"]

1. e4 e5 2. Nf3 Nc6 3. d4 Bb4+ 4. c3 Be7 5. dxe5 b5 6. Bxb5 Bc5 7. Bg5 Nce7 8. Nd4 c6 9. Be2 h6 10. Bxe7 Nxe7
11. O-O Qb6 12. b4 Bxd4 13. Qxd4 Qxd4 14. cxd4 d5 15. Nc3 Rb8 16. Rab1 Be6 17. b5 dxe4 18. bxc6 Nxc6 19. Bb5 Kd7 20. Nxe4 Bxa2
21. Nc5+ Kc7 22. Na6+ Kb7 23. Bd3+ Kc8 24. Rxb8+ Nxb8 25. Rc1+ Kd8 26. Nxb8 Ke7 27. Nc6+ Ke6 28. Nxa7 g5 29. Bc4+ Kf5 30. Bxa2 h5
31. Bxf7 Rd8 32. e6 Ra8 33. Nc6
1-0

[Event "Goin for the win"]
[Site "SchemingMind.com"]
[Date "2008.09.07"]
[Round "-"]
[White "emvarela"]
[Black "s-man"]
[Result "1-0"]
[WhiteCountry "ARG"]
[BlackCountry "CAN"]
[WhiteElo "1942"]
[WhiteRD "206"]
[BlackElo "1204"]
[BlackRD "95"]
[GameID "169789"]

1. e4 c6 2. d4 Nf6 3. Nc3 d5 4. exd5 cxd5 5. Nf3 Nc6 6. Be3 Bg4 7. Be2 e6 8. O-O Ne4 9. Nxe4 dxe4 10. Nd2 Bxe2
11. Qxe2 Qb6 12. d5 Nd4 13. Bxd4 Qxd4 14. Qb5+ Kd8 15. dxe6 Qxd2 16. Rfd1 Qxd1+ 17. Rxd1+ Ke7 18. Qd7+ Kf6 19. Qxf7+ Ke5 20. e7 e3
21. Rd5+ Ke4 22. f3#
1-0